| 000 | 00754nam a22002657a 4500 | ||
|---|---|---|---|
| 003 | UA-OsUOA | ||
| 001 | 24530 | ||
| 007 | ta | ||
| 008 | 20040220b un ||||| |||| 00| 0 ukr d | ||
| 100 | _aАлексеев П.В. | ||
| 090 |
_a1(091)(470+571) _bА56 |
||
| 942 | _cBK | ||
| 040 |
_aUA-OsUOA _brus _cUA-OsUOA _dUA-OsUOA |
||
| 245 | _aФилософы России ХІХ-ХХ столетей: биографии, идеи, труды | ||
| 300 | _a1152 с. | ||
| 955 | _a0 | ||
| 041 | _arus | ||
| 080 | _a1(091)(470+571) | ||
| 020 | _a5-8291-0148-3 | ||
| 260 |
_aМосква _bАкадемический Проект _c2002 |
||
| 044 | _aRU | ||
| 250 | _n4-е изд., перераб. и дополн. | ||
| 650 | 7 | _2UDC | |
| 999 |
_c310805 _d310805 |
||